[Event "Hessenliga 1112"]
[Site "Germany"]
[Date "2011.12.04"]
[Round "4.8"]
[White "Naneder, Maximilian"]
[Black "Rohs, Peter"]
[Result "0-1"]
[WhiteElo "1734"]
[BlackElo "2042"]
[PlyCount "71"]
[EventDate "2011.09.25"]
[EventType "team-tourn"]
[EventRounds "9"]
[EventCountry "GER"]
[SourceTitle "EXT 2013"]
[Source "ChessBase"]
[SourceDate "2012.11.22"]
[SourceVersion "1"]
[SourceVersionDate "2012.11.22"]
[SourceQuality "1"]
[WhiteTeam "Heusenstamm"]
[BlackTeam "Hofheim II"]
[WhiteTeamCountry "GER"]
[BlackTeamCountry "GER"]

1. e4 d5 2. exd5 Nf6 3. d4 Nxd5 4. c4 Nb4 5. Qa4+ N8c6 6. d5 b5 7. Qd1 Nd4 8. Na3 e5 9. Ne2 Bc5 10. Nxd4 Bxd4 11. Nxb5 0-0 12. a3 Na6 13. Nxd4 exd4 14. Qxd4 Re8+ 15. Be3 c5 16. Qd2 Rb8 17. Be2 Rb3 18. 0-0 Qf6 19. Ra2 Bf5 20. Bd1 Rd3 21. Qa5 Qg6 22. Qa4 Rb8 23. Bf4 Rc8 24. Bc2 Be4 25. Bg3 Rd4 26. Qd7 Rf8 27. Bxe4 Qxe4 28. Qxa7 Qg6 29. b3 Rd3 30. Rb2 Qf6 31. Rfb1 Qxb2 32. Re1 Qxa3 33. d6 Qb4 34. Ra1 Rxb3 35. h3 Nb8 36. d7 0-1

[Event "Karl Mala Memorial op 12th"]
[Site "Frankfurt"]
[Date "2009.07.19"]
[Round "7"]
[White "Rausch, Wolfgang"]
[Black "Naneder, Maximilian"]
[Result "1-0"]
[WhiteElo "2197"]
[BlackElo "1253"]
[PlyCount "43"]
[EventDate "2009.07.16"]
[EventType "swiss"]
[EventRounds "7"]
[EventCountry "GER"]
[SourceTitle "EXT 2010"]
[Source "ChessBase"]
[SourceDate "2010.11.25"]
[SourceVersion "1"]
[SourceVersionDate "2010.11.25"]
[SourceQuality "1"]

1. c4 e5 2. Nc3 Nc6 3. Nf3 Nf6 4. e4 Bc5 5. Nxe5 Nxe5 6. d4 Bxd4 7. Qxd4 Nc6 8. Qd1 d6 9. Be2 0-0 10. 0-0 Re8 11. f3 Bd7 12. Be3 Ne5 13. Qd2 Be6 14. b3 Qd7 15. Rad1 Rad8 16. Bg5 Qc8 17. Bxf6 gxf6 18. Qh6 Ng6 19. g4 Kh8 20. h3 Rg8 21. f4 Bd7 22. Nd5 1-0

[Event "Main Vogelsberg op 4th"]
[Site "Heusenstamm"]
[Date "2009.05.03"]
[Round "7"]
[White "Naneder, Maximilian"]
[Black "Pomeranets, Igor"]
[Result "0-1"]
[WhiteElo "1121"]
[BlackElo "1516"]
[PlyCount "91"]
[EventDate "2009.04.30"]
[EventType "swiss"]
[EventRounds "7"]
[EventCountry "GER"]
[SourceTitle "CBM 130 Extra"]
[Source "ChessBase"]
[SourceDate "2009.07.02"]
[SourceVersion "2"]
[SourceVersionDate "2009.07.15"]
[SourceQuality "1"]

1. e4 c5 2. Nf3 d6 3. d4 cxd4 4. Nxd4 Nf6 5. Nc3 a6 6. Be2 e5 7. Nb3 Nc6 8. Bg5 Be7 9. Bxf6 Bxf6 10. Nd5 Be6 11. 0-0 Bxd5 12. Qxd5 0-0 13. Rad1 Be7 14. Nd2 Qc7 15. Nc4 Rad8 16. Ne3 g6 17. a3 Nd4 18. Bd3 Ne6 19. g3 Nd4 20. c3 Nf3+ 21. Kg2 Ng5 22. h4 Ne6 23. Rh1 h5 24. Rdg1 Kg7 25. Kf1 Qb6 26. b4 Qc7 27. Qb3 Qc8 28. Nd5 Rfe8 29. Be2 Kh6 30. g4 Nf4 31. Nxf4 exf4 32. gxh5 Rf8 33. hxg6 fxg6 34. Qc2 Qe6 35. h5 g5 36. Bg4 Qe5 37. Qd3 b5 38. Bf5 d5 39. Qc2 f3 40. Rg3 dxe4 41. Bg6 Rd3 42. Kg1 Rxc3 43. Qxe4 Qxe4 44. Bxe4 Rxa3 45. Rhh3 Ra1+ 46. Kh2 0-1

[Event "Karl Mala Memorial op 11th"]
[Site "Frankfurt"]
[Date "2008.06.28"]
[Round "5"]
[White "Donchenko, Alexander"]
[Black "Naneder, Maximilian"]
[Result "1-0"]
[WhiteElo "1739"]
[BlackElo "1032"]
[PlyCount "75"]
[EventDate "2008.06.26"]
[EventType "swiss"]
[EventRounds "7"]
[EventCountry "GER"]
[SourceTitle "CBM 125 Extra"]
[Source "ChessBase"]
[SourceDate "2008.09.01"]
[SourceVersion "1"]
[SourceVersionDate "2008.09.01"]
[SourceQuality "1"]

1. Nf3 Nc6 2. d4 d5 3. g3 Nf6 4. Bg2 Bf5 5. 0-0 e6 6. Nbd2 Bd6 7. c4 dxc4 8. Nxc4 0-0 9. b3 Re8 10. Bb2 Qe7 11. Rc1 Rad8 12. Nfd2 Bb4 13. Bxc6 bxc6 14. Ne5 Bxd2 15. Qxd2 Ne4 16. Qe3 Rd5 17. Nxc6 Qd7 18. Ne5 Qe7 19. Rc6 f6 20. Nf3 Rd6 21. Rfc1 Rxc6 22. Rxc6 a5 23. Qc1 Rc8 24. Qc4 Qb4 25. Rxc7 Rxc7 26. Qxc7 Bh3 27. Qc2 Ng5 28. Qc3 Nxf3+ 29. exf3 Qb5 30. Qc4 Qb7 31. Qe2 Kf7 32. Bc3 a4 33. bxa4 Qb1+ 34. Be1 Qb7 35. a5 g5 36. a6 Qa8 37. Qb5 Qxf3 38. Qb7+ 1-0

[Event "Karl Mala Memorial op 11th"]
[Site "Frankfurt"]
[Date "2008.06.26"]
[Round "1"]
[White "Ivanovic, Petar"]
[Black "Naneder, Maximilian"]
[Result "1/2-1/2"]
[WhiteElo "1925"]
[BlackElo "1032"]
[PlyCount "101"]
[EventDate "2008.06.26"]
[EventType "swiss"]
[EventRounds "7"]
[EventCountry "GER"]
[SourceTitle "CBM 125 Extra"]
[Source "ChessBase"]
[SourceDate "2008.09.01"]
[SourceVersion "1"]
[SourceVersionDate "2008.09.01"]
[SourceQuality "1"]

1. e4 e5 2. Nf3 Nc6 3. Bb5 a6 4. Ba4 b5 5. Bb3 Bb7 6. c3 Bc5 7. d4 exd4 8. cxd4 Bb4+ 9. Nc3 Na5 10. Bc2 Nf6 11. 0-0 Bxc3 12. bxc3 Nxe4 13. Re1 d5 14. Ba3 Nc4 15. Bc5 Ncd6 16. Nd2 0-0 17. Nxe4 dxe4 18. Bxd6 Qxd6 19. Bxe4 Bxe4 20. Rxe4 Qc6 21. Qd3 Rfe8 22. Rae1 h6 23. f3 Kf8 24. Kf2 Rad8 25. R1e3 Rxe4 26. fxe4 Qf6+ 27. Rf3 Qh4+ 28. Kg1 Re8 29. e5 f6 30. Qh7 Qe1+ 31. Rf1 Qe3+ 32. Kh1 Qe2 33. Qf5 Re6 34. h3 Qxa2 35. Qe4 c6 36. Rf3 Qd5 37. Qg4 a5 38. Rg3 Qd7 39. Kh2 fxe5 40. dxe5 Re7 41. Rf3+ Kg8 42. Qe4 Qd5 43. Qg6 Qxe5+ 44. Rg3 Qe6 45. Qd3 Rd7 46. Qb1 Qe5 47. Qa2+ Kh7 48. Qc2+ Kh8 49. Qg6 Qd6 50. Qe8+ Kh7 51. Qe4+ 1/2-1/2